Datum a čas kvízu
29.5
Celkem bodů
Celkový počet nahraných bodů na tomto kvízu bez doplňovacích otázek.
5.
Pořadí na kvízu
Konečné umístění týmu na tomto kvízu.
Zaznamenané odpovědi
| # | Otázka | Odpověď | Body | Výsledky |
|---|---|---|---|---|
| 1. | První místopředseda ČSSD ve st... | 1 | ||
| 2. | Náčelník policie jisté evropsk... | 1 | ||
| 3. | Hudební festival Colours of Os... | 1 | ||
| 4. | Americký miliardář a spoluzakl... | 0 | ||
| 5. | Jak se jmenuje tenistka, která... | 1 | ||
| 6. | V tomto tématu se budeme pohyb... | 1 | ||
| 7. | Pokud bychom vyrazili z Los An... | 1 | ||
| 8. | Pokud se budeme z Českých Budě... | 1 | ||
| 9. | Ze kterého evropského státu mu... | 1 | ||
| 10. | Pokud se z Jihlavy budeme pohy... | 1 |